Baseball 9 Resources - Statistics

General Stats
  • This quiz has been taken 12 times
  • The average score is 10 of 20
Answer Stats
Hint Answer % Correct
You can use this to buy just about anything Gems
100%
Easily obtained from games, can purchase select items Coins
90%
Used to recruit new coaches Coaching Tickets
50%
Used to simulate games Energy
50%
Used to upgrade a players potential Potential Tokens
50%
Used to recruit new players Recruit Tickets
50%
Used to upgrade skills Skill Tokens
50%
Used to recover a player's condition or stamina Condition Drinks
40%
Used to upgrade a player from platinum tier to diamond tier Diamond Badges
40%
Used to purchase new emblems Emblem Badges
40%
Used to upgrade a player from silver tier to gold tier Gold Badges
40%
EXP that gives the most EXP Mega EXP
40%
EXP that gives a small amount of EXP Normal EXP
40%
Used to upgrade a player from gold tier to platinum tier Platinum Badges
40%
Used to upgrade a player from diamond tier to prime tier Prime Badges
40%
Used to upgrade a player from bronze tier to silver tier Silver Badges
40%
Can be used to simulate 10 games at a time Stars
40%
EXP that gives a large amount of EXP Super EXP
40%
Used to purchase new uniforms Uniform Badges
40%
EXP that gives a medium amount of EXP Advanced EXP
30%
No matching quizzes found
Score Distribution
Percent of People with Each Score
Percentile by Number Answered
Your Score History
You have not taken this quiz